Revolución cubana y educación superior (Record no. 136088)
[ view plain ]
| 000 -CABECERA | |
|---|---|
| campo de control de longitud fija | 00636nab a2200217 a 4500 |
| 005 - FECHA Y HORA DE LA ÚLTIMA TRANSACCIÓN | |
| campo de control | 20210219160350.0 |
| 008 - ELEMENTOS DE LONGITUD FIJA--INFORMACIÓN GENERAL | |
| campo de control de longitud fija | 991125s1985 mx 000 0 spa u |
| 035 ## - NÚMERO DE CONTROL DEL SISTEMA | |
| Número de control de sistema | UPN01000163975 |
| 100 1# - ASIENTO PRINCIPAL--NOMBRE PERSONAL | |
| Nombre de persona | Santos Gutiérrez, Sinesio C |
| 222 ## - TÍTULO CLAVE | |
| Título clave | PERFILES EDUCATIVOS |
| 245 ## - MENCIÓN DE TÍTULO | |
| Título | Revolución cubana y educación superior |
| 260 ## - PUBLICACIÓN, DISTRIBUCIÓN, ETC. | |
| Lugar de publicación, distribución, etc. | México |
| 300 ## - DESCRIPCIÓN FÍSICA | |
| Extensión | 85-112 |
| 362 0# - FECHAS DE PUBLICACIÓN Y/O DESIGNACIÓN SECUENCIAL | |
| Fecha de publicación y/o designación secuencial | 2007 3a época, vol. 29, no. 116 |
| 653 0# - TERMINO DE INDIZACION - NO CONTROLADO | |
| Término no controlado | EDUCACION SUPERIOR |
| 653 0# - TERMINO DE INDIZACION - NO CONTROLADO | |
| Término no controlado | POLITICA PUBLICA |
| 653 0# - TERMINO DE INDIZACION - NO CONTROLADO | |
| Término no controlado | DESARROLLO CIENTIFICO Y TECNOLOGICO |
| 653 0# - TERMINO DE INDIZACION - NO CONTROLADO | |
| Término no controlado | DESARROLLO ECONOMICO |
| 700 1# - ASIENTO SECUNDARIO--NOMBRE DE PERSONAL | |
| Nombre de persona | López Segrera, Francisco, coaut. |
| 905 ## - TIPO DE MATERIAL | |
| Tipo de material | Articulo |
No items available.
